| 000 | 00575nam a22001697a 4500 | ||
|---|---|---|---|
| 005 | 20251203121505.0 | ||
| 008 | 251203b ||||| |||| 00| 0 eng d | ||
| 040 |
_aAR-FvUNAJ _dAR-FvUNAJ _eaacr2 |
||
| 082 | 1 | 4 |
_214 _a622.3382 |
| 100 | 1 |
_93634 _aCraft, Benjamin C. |
|
| 245 | 1 | 0 |
_aWell design : _bdrilling and production / _cB. C. Craft, W. R. Holden, E. D. Graves, Jr. |
| 260 |
_aEnglewood Cliffs, N.J., _bPrentice-Hall, _c1962. |
||
| 300 |
_axi, 571 p. _billus. |
||
| 650 | 0 |
_93173 _aPERFORACION DE POZOS PETROLEROS |
|
| 650 | 0 |
_95260 _aPOZOS DE PETROLEO |
|
| 942 |
_2ddc _cLIBRO |
||
| 999 |
_c11171 _d11171 |
||
| 980 |
_62 _aVirginia Figueroa _82 _gVirginia Figueroa |
||